| 000 | 00366nam a2200133Ia 4500 | ||
|---|---|---|---|
| 008 | 231017s9999 xx 000 0 und d | ||
| 082 | _a363.1256 | ||
| 082 | _bFIS | ||
| 245 | 0 | _aPedestrian and bicyclist safety and mobility in Europe | |
| 245 | 0 | _cUS Department of Transportation | |
| 260 | _bUS Department of Transportation | ||
| 300 | _c30cm | ||
| 942 | _cREP | ||
| 999 |
_c605515 _d605515 |
||